000 00831cab a2200277 4500
001 ABS60521
008 090401t xxu||||| |||| 00| 0 eng d
035 _a(Sirsi) u93242
041 _aeng
100 _aDriscoll, J.
245 _aTenants of social landlords: the right to buy their homes
350 _a0
490 _aSolicitors` Journal
_v143(17) 30 Apr 99, 408-9; 143(18) May 99, 444-5(4)
650 _aHOUSING ACT 1985 PART V
650 _aHOUSING ACT 1996 S16
650 _aHOUSING ACT 1996 S17
650 _aLOCAL AUTHORITIES
650 _aPROCEDURES
650 _aRIGHT TO ACQUIRE
650 _aRIGHT TO BUY
650 _aSECURE TENANTS
650 _aSOCIAL LANDLORDS
690 _aPROPERTY-RESIDENTIAL PROPERTY-RESIDENTIAL LANDLORD AND TENANT-RESIDENTIAL TENANCIES
942 _n0
948 _c11/05/1999
999 _c59099
_d59099